Starnutie populácie ako globálny fenomén - ekonomické a sociálne súvislosti (perspektívy vývoja svetovej a slovenskej ekonomiky v podmienkach demografického prechodu) dizertačná práca
Uložené v:
| Hlavný autor: | |
|---|---|
| Korporativný autor: | |
| Ďalší autori: | , |
| Médium: | Kniha |
| Jazyk: | Slovak |
| Vydavateľské údaje: |
Bratislava
2008
|
| Predmet: | |
| Tagy: |
Žiadne tagy, Buďte prvý, kto otaguje tento záznam!
|
MARC
| LEADER | 00000nam$a2200000$$$4500 | ||
|---|---|---|---|
| 001 | 0090849 | ||
| 005 | 20220906102315.0 | ||
| 041 | 0 | |a slo | |
| 044 | |a SK | ||
| 245 | 1 | 0 | |a Starnutie populácie ako globálny fenomén - ekonomické a sociálne súvislosti (perspektívy vývoja svetovej a slovenskej ekonomiky v podmienkach demografického prechodu) |b dizertačná práca |c Veronika Hvozdíková ; školiteľ: Jaroslav Filip, Milan Šikula |
| 264 | 1 | |a Bratislava |c 2008 | |
| 300 | |a 166 s. | ||
| 610 | 2 | 0 | |a starnutie populácie |
| 610 | 2 | 0 | |a politika sociálna |
| 610 | 2 | 0 | |a vývoj hospodársky |
| 610 | 2 | 0 | |a vývoj populačný |
| 610 | 2 | 0 | |a vývoj sociálny |
| 610 | 2 | 0 | |a demografia |
| 100 | 1 | |a Hvozdíková, Veronika | |
| 700 | 1 | |a Filip, Jaroslav | |
| 700 | 1 | |a Šikula, Milan | |
| 710 | 2 | |a Fakulta medzinárodných vzťahov EU. Katedra medzinárodných ekonomických vzťahov a hospodárskej diplomacie | |